000
00326nam a22001337a 4500
008
190227b xxu||||| |||| 00| 0 eng d
020
_a
9780131411241
041
_a
eng
080
_a
510
100
_a
38
101
_a
MAT
245
_a
Elementary and Intermediate Algebra for College Students
_c
Angel, A.R
942
_2
udc
_c
BK
999
_c
54368
_d
54368